Währungen vor dem Euro - Statistiken

Allgemein
  • Dieses Quiz wurde 10.952 mal gespielt
    1.389 seit der letzten Aktualisierung
  • Das Durchschnittsergebnis liegt bei 7 aus 15
Antwortstatistiken
Land Währung % Korrekt
Deutschland, Finnland Mark
98%
Italien, Malta, San Marino, Vatikan Lira
81%
Belgien, Frankreich. Luxemburg, Monaco Franc
79%
Estland, Slowakei Krone
75%
Österreich Schilling
72%
Irland, Zypern Pfund
71%
Griechenland Drachme
48%
Niederlande Gulden
47%
Spanien Peseta
46%
Bulgarien Lew
39%
Kroatien Kuna
31%
Portugal Escudo
26%
Lettland Lats
13%
Slowenien Tolar
13%
Litauen Litas
11%
Keine übereinstimmenden Quizze gefunden
Verteilung der Resultate
Anzahl Personen mit jedem Resultat
Perzentil nach korrekt beantworteten Fragen
Ihre Resultats-Entwicklung
Sie haben dieses Quiz seit der letzten Aktualisierung nicht gespielt